Guess the Disney scenery #1 - Statistics

General Stats
  • This quiz has been taken 41 times
  • The average score is 9 of 15
Answer Stats
Picture Answer % Correct
peter pan
76%
mulan
73%
wall-e
70%
frozen 2
67%
hercules
67%
brave
64%
tarzan
64%
beauty and the beast
61%
brother bear
61%
big hero 6
58%
encanto
58%
treasure planet
58%
turning red
58%
pinocchio
48%
atlantis
42%
No matching quizzes found
Score Distribution
Percent of People with Each Score
Percentile by Number Answered
Your Score History
You have not taken this quiz